00357nam a2200121Ia 4500008004100000020002200041041000800063082002700071100001800098245005900116260005100175300000900226230411s9999 xx 000 0 und d a978-81-239-1498-5 aeng aF/610.73069/PRA/B05799 aPrakash Ratna aManipal Manual of Nursing Procedures : Volume 1 Part B bCBS Publishers & DistributorsaNew Delhic2007 a228p